Fr. Conceicao Rodrigues College of Engineering

Osborne Windows Programming Series (Record no. 23645)

MARC details
000 -LEADER
fixed length control field 00368nam a2200157Ia 4500
082 ## - DEWEY DECIMAL CLASSIFICATION NUMBER
Classification number 005.133'W'
Item number SCH
100 ## - MAIN ENTRY--PERSONAL NAME
Personal name Schildt/ & others/ Pappas/Chris
245 ## - TITLE STATEMENT
Title Osborne Windows Programming Series
260 ## - PUBLICATION, DISTRIBUTION, ETC.
Name of publisher, distributor, etc. Osborne Mc graw Hill
Place of publication, distribution, etc. New York
Date of publication, distribution, etc. 1994
300 ## - PHYSICAL DESCRIPTION
Extent 874
490 ## - SERIES STATEMENT
Volume/sequential designation 3
546 ## - LANGUAGE NOTE
Language note ENGLISH
654 ## - SUBJECT ADDED ENTRY--FACETED TOPICAL TERMS
Focus term Computer
942 ## - ADDED ENTRY ELEMENTS (KOHA)
Koha item type BOOK
Holdings
Withdrawn status Lost status Damaged status Not for loan Collection Home library Current library Shelving location Date acquired Total Checkouts Full call number Barcode Date last seen Price effective from Koha item type
        CRC Fr. Agnel's C.Rodrigues College of Engineering Fr. Agnel's C.Rodrigues College of Engineering   17/03/2023   005.133'W' SCH 9812 17/03/2023 17/03/2023 BOOK